000 00882nam a2200313 4500
999 _c8232
_d8232
001 8232
003 BD-JhCC
005 20180220094228.0
008 730206s1972 enka b 001 0 eng
020 _a0582441161
035 _a(BD-JhCC)8232
040 _aDLC
_cDLC
_dDLC
_dBD-JhCC
041 _aeng
050 0 0 _aTN707
_b.B6 1972
082 0 0 _a669/.96/1
_bBOD 1972
100 1 _aBodsworth, Colin.
245 1 0 _aPhysical chemistry of iron and steel manufacture
_c[by] C. Bodsworth.
250 _a2nd ed.,
260 _aLondon,
_bLongman,
_c1972.
300 _axvi, 529 p.
_billus.
_c23 cm.
350 _a£10.95
504 _aIncludes bibliographical references.
650 0 _aIron
_xMetallurgy.
650 0 _aSteel
_xMetallurgy.
650 0 _aChemistry, Physical and theoretical.
700 1 _aBell, Henry Bradley,
942 _2ddc
_cBK